Päť tlčúcich sŕdc

Bibliographic Details
Main Author: Zaimoglu, Feridun, 1964- (Author)
Other Authors: Kubica, Peter, 1976- (Translator)
Format: Article
Language:Slovak
German
Subjects:

MARC

LEADER 00000nab a2200000 a 4500
001 vtls008645202
003 SK-MaSNL
005 20260304140344.0
008 250505c2005 xo mr|p|||||||000 b|slo
015 |a SNBRB2006/04  |2 snkbucl 
035 |a (uuid)57c3f744-3a33-4a80-becb-dbd3d0d89682 
035 |a urn:nbn:sk:snk-abbzr6 
035 |a (urnnbn)urn:nbn:sk:snk:ar-003t6d 
038 |a SNKBUCL 
040 |a SNKBUCL  |b slo  |c SNKBUCL  |e AACR2 
041 1 |a slo  |h ger 
044 |a xo  |c SK 
080 |a 821.112.2-32  |2 1997 
080 |a 821.512.161-32  |2 1997 
100 1 |a Zaimoglu, Feridun,  |d 1964-  |4 aut  |9 1190788 
245 1 0 |a Päť tlčúcich sŕdc  |c Feridun Zaimoglu ; preložil Peter Kubica 
500 |a Informácia o autorovi 
650 0 7 |a spoločenské poviedky, nemecké  |2 snkbucl  |9 1426800 
650 0 7 |a spoločenské poviedky, turecké  |2 snkbucl  |9 1456585 
700 1 |a Kubica, Peter,  |d 1976-  |4 trl  |9 166753 
773 0 |t Dotyky  |g Roč. XVII, č. 2 (2005), s. 26-28  |x 1210-2210 
850 |a Slovenská národná knižnica 
852 |a Slovenská národná knižnica 
958 |a article15 
958 |a OND 
958 |a LX 
958 |a TR 
958 |a DE 
958 |a EUIPO 
999 |c 2915021  |d 2916951